Democracia Integral / (Record no. 9943)

000 -CABECERA
fixed length control field 00685nam a22001817a 4500
003 - IDENTIFICADOR DEL NÚMERO DE CONTROL
control field AR-CdUCM
008 - DATOS DE LONGITUD FIJA--INFORMACIÓN GENERAL
fixed length control field 190328b ||||| |||| 00| 0 spa d
040 ## - FUENTE DE LA CATALOGACIÓN
Agencia/entidad que catalogó originalmente la obra MUNICIPALIDAD PROVINCIAL DEL CUSCO
Entidad que transcribió la catalogación BIBLIOTECA MUNICIPAL DEL CUSCO
082 ## - NÚMERO DE LA CLASIFICACIÓN DECIMAL DEWEY
No. de Clasificación 321.4 /
Notacion interna H41 / 1946
100 ## - ENTRADA PRINCIPAL--NOMBRE DE PERSONA
Nombre Personal Hayar L.B.V.
245 ## - MENCIÓN DE TÍTULO
Título Democracia Integral /
260 ## - PUBLICACIÓN, DISTRIBUCIÓN, ETC.
Nombre de la editorial, distribuidor, etc. Escuela Tip salesiana,
Fecha de publicación, distribución, etc. 1946.
300 ## - DESCRIPCIÓN FÍSICA
Nº de Páginas Extensión 301 paginas ;
Dimensiones 21 cm.
505 ## - NOTA DE CONTENIDO CON FORMATO
Nota de contenido formateada Contenido :Individuo --La familia --El estado --Órgano y función electoral --Órgano y función Legislativo --Poder(o mejor organo) Ejecutivo --El derecho --La ley ...
650 ## - PUNTO DE ACCESO ADICIONAL DE MATERIA--TÉRMINO DE MATERIA
Descriptor Democracia Integral /
9 (RLIN) 26498
942 ## - ELEMENTOS DE PUNTO DE ACCESO ADICIONAL (KOHA)
Fuente de clasificación
Tipo de item Libros-BMC
945 ## - PROCESAMIENTO DE INFORMACIÓN LOCAL (OCLC)
Catalogador rjall
Holdings
Estado de retiro (separado) Fuente de clasificación o esquema de estanterías Estado dañado Ubicación Sala donde se ubica Nombre de la colección Fecha de adquisición o compra Costo, precio normal en soles Signatura topográfica Código de Barras Última vez visto (Koha) Tipo de ítem (Koha)
No     Sala Cusco Antiguo Sala Cusco Antiguo Book Cart 2019-03-28 20.00 321.4 / H41 / 1946 SCA0000490 2019-03-28 Libros-BMC

Powered by Koha